Kriz yönetimi / (Kayıt no. 13771)
[ düz görünüm ]
| 000 -BAŞLIK | |
|---|---|
| Sabit Uzunlukta Kontrol Alanı | 00858nam a2200241 4500 |
| 999 ## - SİSTEM KONTROL NUMARALARI (KOHA) | |
| Koha Biblionumber | 13771 |
| Koha Biblioitemnumber | 13771 |
| 003 - KONTROL NUMARASI IDENTIFIER | |
| Denetim Alanı | MIRAKIL |
| 005 - SON İŞLEM TARİHİ VE ZAMANI | |
| Denetim Alanı | 20200217140004.0 |
| 008 - SABİT-BOY VERİ ELEMANLARI - GENEL BİLGİLER | |
| Sabit Uzunlukta Kontrol Alanı | 200217b tu ||||| |||| 00| 0 tur d |
| 020 ## - ULUSLARARASI STANDART KİTAP NUMARASI | |
| Uluslararası Standart Kitap Numarası | 9786053991014 |
| 040 ## - KATALOGLAMA KAYNAK | |
| Orijinal Kataloglama Ajansı | TR-AnCHP |
| Metne Dönüştürmek Ajansı | TR-AnCHP |
| 041 ## - DİL KODU | |
| Metin / Ses Parça Veya Ayrı Başlığın Dil Kodu | tur |
| 082 ## - DEWEY ONLU SINIFLANDIRMA NUMARASI | |
| Sınıflandırma Numarası | 658.406 |
| Ürün Numarası | K65 2009 |
| 245 10 - BAŞLIK TABLOSU | |
| Başlık | Kriz yönetimi / |
| Sorumluluk Tablosu, Vb | derleyenler Haluk Sumer, Helmut Pernsteiner. |
| 260 ## - YAYIN, DAĞITIM, VB | |
| Yayın, Dağıtım, Vb Yeri | İstanbul: |
| Yayıncı, Dağıtıcı, Vs Adı | İstanbul Bilgi Üniversitesi yayınları, |
| Yayın, Dağıtım, Vb Tarihi | 2009. |
| 300 ## - FİZİKSEL TANIM | |
| Kapsam | xxvııı, 759 s.: |
| Diğer Fiziksel Ayrıntıları | tbl., grf., şkl.; |
| Boyutlar | 24 sm. |
| 490 0# - SERİSİ TABLOSU | |
| Seri Beyanı | İstanbul Bilgi Üniversitesi yayınları; |
| -- | Ekonomi; |
| Hacim / Ardışık Tanımı | 258. |
| -- | 12. |
| 504 ## - KAYNAKÇA VB NOT | |
| Kaynakça Vb Notu | Kaynakça ve dizin vardır. |
| 650 #0 - KONU KATMA GİRİŞ - TOPİKAL DÖNEM | |
| 9 (RLIN) | 6281 |
| Topikal Süreli Veya Coğrafi Ad Giriş Elemanı | Kriz yönetimi |
| 700 1# - KATMA GİRİŞ - KİŞİSEL İSİM | |
| 9 (RLIN) | 4717 |
| Kişisel Ad | Sumer, Haluk |
| 700 1# - KATMA GİRİŞ - KİŞİSEL İSİM | |
| 9 (RLIN) | 4716 |
| Kişisel Ad | Pernsteiner, Helmut |
| 856 ## - ELEKTRONİK YER VE ERİŞİM | |
| Kamu Notu | Dijital Nüshası için Partimizin Kütüphane Sorumlusu ile iletişime geçiniz. |
| 942 ## - EKLENDİ GİRİŞ ELEMANLARI (KOHA) | |
| Sınıflandırma Veya Raf Düzeni Kaynak | Dewey Decimal Classification |
| Koha Öğesi Türü | Kitaplar |
| Kalıcı Konum | Mevcut Konum | Edinme Tarihi | Toplam Check-Out'Lar | Tam Çağrı Numarası | Barkod | Kontrol Edildi | Tarih Son Görülme | Tarihi Geçen Teslim | İtibaren Geçerli Fiyatlar | Koha Öğesi Türü |
|---|---|---|---|---|---|---|---|---|---|---|
| CHP Kütüphanesi | CHP Kütüphanesi | 02/17/2020 | 1 | 658.406 K65 2009 | 010160 | 04/11/2024 | 03/22/2024 | 03/22/2024 | 02/17/2020 | Kitaplar |
